00651nam a2200181 i 450000100060000000300090000600500170001500700030003200800410003510000410007624500830011726000280020030000200022865000590024885200230030799900170033095201220034764345ES-MaACL20230906165115.0t|031223s1931 fr ||||1| fre d1 aFoch, Ferdinand (d1851-1929)95138710aMemoires pour servir a l'histoire de la guerre de 1914-1918 / cMarechal Foch. aParis : bPlon, c1931. a2 v. ; c23 cm.04aGuerra mundial, 1914-1918-vRelatos personales.913227 aES-MaACLjA-156-57 c64345d64345 00104070aATENEOMbATENEOMcSPP1d2008-01-17eSCl0oA-156-57p1067427r2023-02-23 00:00:00w2023-02-23yMONOGRAFIA